Esprit civique et organisation citadine dans l'Empire ottoman.

This book proposes a study of the old regime forms of Ottoman municipal urban governance that were progressively built between the 15th and the 18th c. on the basis of various heritages (Byzantine, Medieval Islamic, Seljukid, Sassanid, medieval Ottoman) as well as an interpretation of the reforms of...

Full description

Saved in:

Main Author: Nora Lafi

Format: eBook

Language: French

Published: Leiden, Boston: Brill, 2019.

Series: The Ottoman Empire and its Heritage 64.
Middle East and Islamic Studies E-Books Online, Collection 2019, ISBN: 9789004386341.

Subjects:

Online Access: Login to view Source

Tags: Add Tag

No Tags, Be the first to tag this record!

Call Number: JS6952 .A2

LEADER 03631nam a2200409 i 4500
001 BRILL9789004364516
003 nllekb
005 20211118221517.0
006 m d
007 cr un uuuua
008 181023s2019 ne od fre d
020 |a 9789004364516  |q (electronic book) 
020 |z 9789004364509  |q (print) 
024 7 |a 10.1163/9789004364516  |2 DOI 
040 |a NL-LeKB  |c NL-LeKB  |e rda 
050 4 |a JS6952  |b .A2 
072 7 |a HBJF1  |2 bicssc 
072 7 |a HIS026000  |2 bisacsh 
082 0 4 |a 320.8509  |2 23 
100 1 |a Nora Lafi 
245 0 0 |a Esprit civique et organisation citadine dans l'Empire ottoman. 
264 3 1 |a Leiden,   |a Boston:   |b Brill,   |c 2019. 
300 |a 1 online resource. 
336 |a text  |b txt  |2 rdacontent 
337 |a computer  |b c  |2 rdamedia 
338 |a online resource  |2 rdacarrier 
505 0 0 |a Front Matter -- Copyright Page -- -- Table des matières -- Avant-Propos -- Liste des illustrations -- Introduction : Pour un autre regard sur les études urbaines en contexte ottoman -- Aux racines du gouvernement urbain dans l'Empire ottoman : réflexions sur les héritages antiques et médiévaux -- L'ancien régime ottoman du gouvernement urbain (XVe-XVIIIe siècles) -- L'Egypte entre 1798 et les années 1830 : l'impact ambigu de la modernité -- Interpréter les réformes urbaines ottomanes dans leur contexte -- Conclusion -- Back Matter -- Sources et bibliographie -- Index des noms de lieux, de personnes et des principales notions discutées dans l'ouvrage. 
520 |a This book proposes a study of the old regime forms of Ottoman municipal urban governance that were progressively built between the 15th and the 18th c. on the basis of various heritages (Byzantine, Medieval Islamic, Seljukid, Sassanid, medieval Ottoman) as well as an interpretation of the reforms of the Tanzimat era under the light of this re-evaluation of the previous system. This allows the author to propose innovative ideas on the very nature of civic life, social organization and modernity in the Islamic world. The research is based on original archives from Istanbul (BOA) and various cities of the Empire, from Aleppo to Tunis, Thessaloniki to Alexandria or Damascus and Cairo to Tripoli. Cet ouvrage est consacré à l'étude des racines et des caractéristiques de la gouvernance urbaine dans l'empire ottoman. Il démontre comment s'est développée sur la base de différents héritages (Byzantin, Islamique médiéval, Seljukide, Sassanide et Ottoman médiéval) à partir du XVe siècle une forme municipale d'ancien régime et étudie sa transformation durant les réformes de l'ère des Tanzimat au XIXe siècle. L'auteure propose ainsi des interprétations innovantes quant à la dimension civique de la vie urbaine, l'organisation sociale et l'impact ambigu avec la modernité dans un contexte islamique. L'étude s'appuie sur des archives inédites trouvées à Istanbul (BOA) et dans des villes comme Alep, Tunis, Thessalonique, Alexandrie, Damas, Le Caire et Tripoli 
650 0 |a Municipal government. 
650 0 |a Cities and towns. 
776 0 8 |i Print version:  |t Esprit civique et organisation citadine dans l'Empire ottoman (XVe-XXe siècles)  |d Leiden, Boston : BRILL, 2019,  |z 9789004364509 
830 0 |a The Ottoman Empire and its Heritage  |v 64. 
830 0 |a Middle East and Islamic Studies E-Books Online, Collection 2019, ISBN: 9789004386341. 
856 4 |z DOI:   |u http://dx.doi.org/10.1163/9789004364516 
942 |2 lcc  |c EBOOK 
952 |0 0  |1 0  |2 lcc  |4 0  |7 1  |9 22385  |a BRILL  |b BRILL  |d 2021-11-18  |l 0  |r 2021-11-18 00:00:00  |w 2021-11-18  |y EBOOK 
999 |c 39859  |d 39859